[Event "C'Chartres Blitz M Final"]
[Site "Europe-Echecs INT"]
[Date "2020.06.14"]
[Round "2.3"]
[White "Maghsoodloo, Parham"]
[Black "Bauer, Christian"]
[Result "1-0"]
[WhiteTitle "GM"]
[BlackTitle "GM"]
[WhiteElo "2676"]
[BlackElo "2623"]
[WhiteFideId "12539929"]
[BlackFideId "603767"]
[EventDate "2020.06.14"]

1. e4 Nc6 2. Nf3 d6 3. d4 Nf6 4. Nc3 g6 5. Be2 Bg7 6. O-O O-O 7. h3 a6 8. a4 e5
9. dxe5 dxe5 10. Bc4 h6 11. Be3 Qxd1 12. Rfxd1 Be6 13. Bxe6 fxe6 14. Ne1 Rfd8
15. f3 Nd4 16. Kf2 Ne8 17. Ne2 c5 18. a5 Nd6 19. Ra4 Rf8 20. Ng3 h5 21. Kg1 h4
22. Nf1 Rad8 23. Rd2 c4 24. Bg5 Bf6 25. Bxf6 Rxf6 26. Ne3 Rff8 27. Nxc4 Nf7 28.
Ne3 Ng5 29. Kh1 Nc6 30. Rxd8 Rxd8 31. Nd3 Nf7 32. Kg1 Rd4 33. Rxd4 exd4 34. Nc4
e5 35. Kf2 g5 36. g3 hxg3+ 37. Kxg3 Kg7 38. Nc5 Nfd8 39. Nd7 Nf7 40. Nc5 Nfd8
41. Kg4 Kg6 42. Nd3 Nf7 43. b4 Nh6+ 44. Kg3 Nf7 45. Kf2 Kf6 46. Kg2 Nfd8 47. Nd6
Ke6 48. Nc4 Kf6 49. Kg3 Ne6 50. Nd6 Ncd8 51. Kg4 Nc7 52. Nc5 Nb5 53. Nxb5 axb5
54. Nxb7 Nc6 55. a6 Kg6 56. Nd8 Na7 57. Ne6 Kf6 58. Nxg5 Nc6 59. h4 d3 60. cxd3 1-0

[Event "C'Chartres Blitz M Final"]
[Site "Europe-Echecs INT"]
[Date "2020.06.14"]
[Round "2.4"]
[White "Bauer, Christian"]
[Black "Maghsoodloo, Parham"]
[Result "0-1"]
[WhiteTitle "GM"]
[BlackTitle "GM"]
[WhiteElo "2623"]
[BlackElo "2676"]
[WhiteFideId "603767"]
[BlackFideId "12539929"]
[EventDate "2020.06.14"]

1. Nf3 d5 2. c4 e6 3. e3 Nf6 4. Nc3 a6 5. b3 Be7 6. Bb2 O-O 7. g4 Nc6 8. g5 Ne4
9. h4 f5 10. cxd5 Nb4 11. dxe6 c5 12. a3 Nd3+ 13. Bxd3 Qxd3 14. Ne5 Qd6 15. Nxe4
fxe4 16. Qc2 Bxe6 17. Rg1 Rad8 18. h5 Rf5 19. Nc4 Qh2 20. O-O-O Rd3 21. f4 Qxh5
22. g6 h6 23. Bc3 b5 24. Ne5 Rxe5 25. fxe5 Bd5 26. Rdf1 Qh3 27. b4 Qe6 28. Qd1
cxb4 29. axb4 Qc6 30. Rf7 Bxb4 31. Rgf1 Rxc3+ 32. dxc3 Qxc3+ 33. Qc2 Qa1+ 34.
Qb1 Qc3+ 35. Kd1 Qd2# 0-1

[Event "C'Chartres Blitz M Final"]
[Site "Europe-Echecs INT"]
[Date "2020.06.14"]
[Round "3.1"]
[White "Firouzja, Alireza"]
[Black "Maghsoodloo, Parham"]
[Result "1-0"]
[WhiteTitle "GM"]
[BlackTitle "GM"]
[WhiteElo "2728"]
[BlackElo "2676"]
[WhiteFideId "12573981"]
[BlackFideId "12539929"]
[EventDate "2020.06.14"]

1. d4 Nf6 2. Nf3 e6 3. Bg5 Be7 4. Nbd2 d5 5. e3 Nbd7 6. Bd3 h6 7. Bh4 b6 8. c3
Bb7 9. Qb1 c5 10. O-O Qc8 11. b4 a5 12. bxc5 bxc5 13. c4 O-O 14. cxd5 Bxd5 15.
e4 Rb8 16. Qc2 Ba8 17. d5 Re8 18. Bg3 exd5 19. Bxb8 Qxb8 20. exd5 Nxd5 21. Rae1
N7f6 22. Bc4 Nb6 23. Bb5 Nbd7 24. a4 Bd6 25. Rxe8+ Qxe8 26. Re1 Qb8 27. h3 Nf8
28. Qc3 Qc7 29. Nc4 Bxf3 30. Qxf3 Ne6 31. Qa8+ Bf8 32. Qxa5 Qb8 33. Qb6 Qf4 34.
Qb7 Nd4 35. Ne5 Nh5 36. Bc4 1-0

[Event "C'Chartres Blitz M Final"]
[Site "Europe-Echecs INT"]
[Date "2020.06.14"]
[Round "3.2"]
[White "Maghsoodloo, Parham"]
[Black "Firouzja, Alireza"]
[Result "1/2-1/2"]
[WhiteTitle "GM"]
[BlackTitle "GM"]
[WhiteElo "2676"]
[BlackElo "2728"]
[WhiteFideId "12539929"]
[BlackFideId "12573981"]
[EventDate "2020.06.14"]

1. e4 e6 2. d4 d5 3. e5 c5 4. c3 Nc6 5. Nf3 Qb6 6. a3 Nge7 7. Bd3 cxd4 8. O-O
Nf5 9. b4 Be7 10. Ra2 Bd7 11. Rc2 dxc3 12. Bxf5 exf5 13. Nxc3 Be6 14. Nxd5 Qd8
15. Rd2 Bxd5 16. Rxd5 Qc8 17. b5 Nd8 18. Bg5 Bxg5 19. Nxg5 O-O 20. Qd2 Ne6 21.
Rc1 Qe8 22. Nxe6 Qxe6 23. Rc7 a6 24. Rxb7 axb5 25. h3 Rxa3 26. Rbxb5 g6 27. Rbc5
Raa8 28. Kh2 Qe7 29. Rc4 Rad8 30. Rcd4 Rxd5 31. Rxd5 Rb8 32. Qd4 Qb4 33. Qxb4
Rxb4 34. g3 h5 35. h4 f4 36. Kg2 fxg3 37. Kxg3 Ra4 38. f3 Rb4 39. Rd7 Ra4 40.
Re7 Rb4 41. e6 fxe6 42. Rxe6 Kg7 43. Re7+ Kf6 44. Ra7 Rb6 1/2-1/2

[Event "C'Chartres Blitz M Final"]
[Site "Europe-Echecs INT"]
[Date "2020.06.14"]
[Round "3.3"]
[White "Firouzja, Alireza"]
[Black "Maghsoodloo, Parham"]
[Result "1/2-1/2"]
[WhiteTitle "GM"]
[BlackTitle "GM"]
[WhiteElo "2728"]
[BlackElo "2676"]
[WhiteFideId "12573981"]
[BlackFideId "12539929"]
[EventDate "2020.06.14"]

1. d4 d5 2. Nf3 e6 3. Bg5 Be7 4. Bxe7 Qxe7 5. a3 Nf6 6. e3 O-O 7. c4 dxc4 8.
Bxc4 c5 9. O-O Rd8 10. Qe2 cxd4 11. exd4 Nc6 12. Rd1 b6 13. Nc3 Bb7 14. Rd2 Rac8
15. Ba2 h6 16. Rad1 a6 17. h3 b5 18. Qe3 b4 19. Na4 Ba8 20. Nb6 Rc7 21. d5 exd5
22. Bxd5 bxa3 23. Qxa3 Qxa3 24. bxa3 Bb7 25. a4 Kf8 26. Bb3 Rxd2 27. Rxd2 Na5
28. Nd4 Ne4 29. Re2 Nxb3 30. Nxb3 Rc3 31. Na5 Nc5 32. Nxb7 Nxb7 33. Nd7+ Kg8 34.
Re8+ Kh7 35. g4 Nc5 36. Nf8+ Kg8 37. Ne6+ Kh7 38. Nf8+ Kg8 39. Ra8 g5 40. Ne6+
Kh7 41. Nxc5 Rxc5 42. Rxa6 Rc3 43. Kg2 Ra3 44. Ra8 Kg7 45. a5 Kh7 46. a6 Kg7 47.
Kh2 Kh7 48. Kg2 Kg7 49. Kf1 Kf6 50. Ke2 Ke5 51. Kd2 Kf4 52. Kc2 Rxh3 53. Kb2 Rd3
54. Rh8 Rd7 55. Rxh6 Kxg4 56. Rf6 Kh5 57. Kc3 g4 58. Kc4 Kg5 59. Rb6 f5 60. Rb7
Rd8 61. a7 Ra8 62. Kd5 Kf4 63. Rf7 Rd8+ 64. Kc6 Ke4 65. Kc7 Ra8 66. Kb7 Rxa7+
67. Kxa7 f4 68. Rg7 Kf3 69. Kb6 g3 70. fxg3 fxg3 71. Kc5 g2 72. Kd4 Kf2 73.
Rxg2+ Kxg2 1/2-1/2

[Event "C'Chartres Blitz M Final"]
[Site "Europe-Echecs INT"]
[Date "2020.06.14"]
[Round "3.4"]
[White "Maghsoodloo, Parham"]
[Black "Firouzja, Alireza"]
[Result "0-1"]
[WhiteTitle "GM"]
[BlackTitle "GM"]
[WhiteElo "2676"]
[BlackElo "2728"]
[WhiteFideId "12539929"]
[BlackFideId "12573981"]
[EventDate "2020.06.14"]

1. g3 d5 2. Bg2 Nf6 3. d3 e5 4. Nf3 Bd6 5. O-O O-O 6. a3 c6 7. Bg5 Nbd7 8. e4 h6
9. Bxf6 Nxf6 10. exd5 cxd5 11. Re1 Re8 12. Nc3 a6 13. h3 Qc7 14. g4 d4 15. Ne2
Bd7 16. c4 dxc3 17. Nxc3 Rad8 18. Rc1 Qb8 19. Nh4 b5 20. Nd5 Nxd5 21. Bxd5 Be7
22. Ng6 Bf6 23. d4 Be6 24. Bxe6 Rxe6 25. Qb3 Rxd4 26. f4 Rd2 27. g5 hxg5 28.
fxe5 Qb6+ 29. Qe3 Qxe3+ 30. Rxe3 fxg6 31. Rc8+ Bd8 0-1